<?xml version="1.0" encoding="UTF-8"?>
<collection xmlns="http://www.loc.gov/MARC21/slim">
<record>
  <controlfield tag="001">150399</controlfield>
  <controlfield tag="005">20251017144639.0</controlfield>
  <datafield tag="024" ind1="8" ind2=" ">
    <subfield code="2">sideral</subfield>
    <subfield code="a">142482</subfield>
  </datafield>
  <datafield tag="037" ind1=" " ind2=" ">
    <subfield code="a">ART-1998-142482</subfield>
  </datafield>
  <datafield tag="041" ind1=" " ind2=" ">
    <subfield code="a">spa</subfield>
  </datafield>
  <datafield tag="100" ind1=" " ind2=" ">
    <subfield code="a">Pallarés Jiménez, Miguel Ángel</subfield>
    <subfield code="0">(orcid)0000-0003-3459-5965</subfield>
  </datafield>
  <datafield tag="245" ind1=" " ind2=" ">
    <subfield code="a">La bula "Sancti Spiritus in Saxia", incunable desconocido de Guillén de Brocar</subfield>
  </datafield>
  <datafield tag="260" ind1=" " ind2=" ">
    <subfield code="c">1998</subfield>
  </datafield>
  <datafield tag="506" ind1="0" ind2=" ">
    <subfield code="a">Access copy available to the general public</subfield>
    <subfield code="f">Unrestricted</subfield>
  </datafield>
  <datafield tag="520" ind1="3" ind2=" ">
    <subfield code="a">a presencia en Pamplona de Arnaldo Guillén de Brocar a finales del siglo L_, iba a brindar a esta capital la oportunidad de gozar de una oficina tipográfica en la etapa más valorada por la bibliofilia, la de los primeros im- presos, los incunables. Instalado en la ciudad del Arga hacia 1490, su estancia coincide con un periodo de paz que se inserta en la agitada época bajo- medieval del reino de Navarra; en 1501 se trasladaría a Logroño, y después, a Alcalá de Henares, Valladolid, Toledo y Burgos'. Si la reputación de nuestro impresor, hasta su muerte en 1523, fue enorme, no deja de ser admirable que apenas tengamos noticias biográficas de su persona, y sólo gracias a fuentes indirectas sepamos algo más sobre su vida familiar v de la dinámica laboral de su taller2. Ni siquiera su origen nos es del todo conocido, lo que ha hecho que los especialistas especularan sobre su lugar de nacimiento; según Konrad Haebler, era oriundo de un lugar de las Landas3 (Francia), Broc o Le Brocar, en la comarca francesa de Orthez, al oeste de Pau; esta opinión se ha mantenido hasta hoy.</subfield>
  </datafield>
  <datafield tag="540" ind1=" " ind2=" ">
    <subfield code="9">info:eu-repo/semantics/openAccess</subfield>
    <subfield code="a">by-nc</subfield>
    <subfield code="u">https://creativecommons.org/licenses/by-nc/4.0/deed.es</subfield>
  </datafield>
  <datafield tag="655" ind1=" " ind2="4">
    <subfield code="a">info:eu-repo/semantics/article</subfield>
    <subfield code="v">info:eu-repo/semantics/publishedVersion</subfield>
  </datafield>
  <datafield tag="773" ind1=" " ind2=" ">
    <subfield code="g">59, 213 (1998), 295-306</subfield>
    <subfield code="p">Prínc. Viana</subfield>
    <subfield code="t">Príncipe de Viana</subfield>
    <subfield code="x">0032-8472</subfield>
  </datafield>
  <datafield tag="856" ind1="4" ind2=" ">
    <subfield code="s">623347</subfield>
    <subfield code="u">http://zaguan.unizar.es/record/150399/files/texto_completo.pdf</subfield>
    <subfield code="y">Versión publicada</subfield>
  </datafield>
  <datafield tag="856" ind1="4" ind2=" ">
    <subfield code="s">2029274</subfield>
    <subfield code="u">http://zaguan.unizar.es/record/150399/files/texto_completo.jpg?subformat=icon</subfield>
    <subfield code="x">icon</subfield>
    <subfield code="y">Versión publicada</subfield>
  </datafield>
  <datafield tag="909" ind1="C" ind2="O">
    <subfield code="o">oai:zaguan.unizar.es:150399</subfield>
    <subfield code="p">articulos</subfield>
    <subfield code="p">driver</subfield>
  </datafield>
  <datafield tag="951" ind1=" " ind2=" ">
    <subfield code="a">2025-10-17-14:30:55</subfield>
  </datafield>
  <datafield tag="980" ind1=" " ind2=" ">
    <subfield code="a">ARTICLE</subfield>
  </datafield>
</record>
</collection>